Científicos criollos e Ilustración (Registro nro. 55626)

Detalles MARC
000 -ENCABEZADO
Número de control [NR] 01078nam a2200265Ia 4500
005 - FECHA Y HORA DE LA ÚLTIMA TRANSACCIÓN
control field 20170523094410.0
008 - DE LONGITUD FIJA DE DATOS DE ELEMENTOS - INFORMACIÓN GENERAL
Elementos de longitud fija [NR] 130821s1999 sp gr 1 dspa d
020 ## - NUMERO INTERNACIONAL NORMALIZADO PARA LIBROS [R]
Número Internacional Normalizado del libro [NR] 8489796408
020 ## - NUMERO INTERNACIONAL NORMALIZADO PARA LIBROS [R]
Número Internacional Normalizado del libro [NR] 9788489796409
040 ## - FUENTE DE CATALOGACION [NR]
Agencia de catalogación original [NR] Co-BoUCM
Idioma de catalogación [NR] spa
Quien Cataloga Saul Niño (Modificó)
Quien Clasifica Saul Niño (Modificó)
041 00 - CODIGO DE IDIOMA [R]
Código de idioma para texto/pista de sonido o título separado [R] Español
245 00 - MENCION DE TITULO [NR]
Título [NR] Científicos criollos e Ilustración
Mención de responsabilidad, etc. [NR] Diana Soto Arango, Miguel Angel Puig-Samper y Ma. Dolores González-Ripoll (Editores)
260 ## - PUBLICACION, DISTRIBUCION, ETC. (PIE DE IMPRENTA) [R]
Lugar de publicación, distribución, etc. [R] Madrid (España)
Nombre del editor, distribuidor, etc. [R] Ediciones Doce Calles Colciencias. Rudecolombia
Fecha de publicación, distribución, etc. [R] 1999
300 ## - DESCRIPCION FISICA [R]
Extensión [R] 271 páginas
490 ## - MENCION DE SERIE [R]
Mención de serie [R] Actas
504 ## - NOTA DE BIBLIOGRAFIA, ETC. [R]
Nota de bibliografía, etc. [NR] Incluye referencias bibliográficas e índices
650 ## - ASIENTO SECUNDARIO DE MATERIA - TERMINO TEMATICO [R]
Término temático o nombre geográfico como elemento de entrada [NR] Científicos Latinoamericanos
Subdivisión cronológica [R] Siglo XVIII
Subdivisión general [R] Biografías
9 (RLIN) 72992
650 ## - ASIENTO SECUNDARIO DE MATERIA - TERMINO TEMATICO [R]
Término temático o nombre geográfico como elemento de entrada [NR] Ilustración
Subdivisión general [R] América Latina
9 (RLIN) 72993
690 ## - ASUNTO AGREGADO LOCAL DE ENTRADA - TÉRMINO TEMÁTICO (OCLC, RLIN)
Acceso temático local Historia de América
9 (RLIN) 16931
700 ## - ASIENTO SECUNDARIO - NOMBRE PERSONAL [R]
Nombre personal [NR] González-Ripoll Navarro, María Dolores
Término de relación [R] editor
9 (RLIN) 72994
700 ## - ASIENTO SECUNDARIO - NOMBRE PERSONAL [R]
Nombre personal [NR] Puig-Samper, Miguel Angel
Término de relación [R] editor
9 (RLIN) 72995
700 ## - ASIENTO SECUNDARIO - NOMBRE PERSONAL [R]
Nombre personal [NR] Soto Arango, Diana
Término de relación [R] editor
9 (RLIN) 48772
942 ## - ELEMENTOS DE ENTRADA AGREGADOS (KOHA)
Tipo de ítem principal el descrito en 300a Libro
Tema principal Historia
Edición 1
Sistema de clasificación DEWEY
Clasificación 509
Parte restante de la signatura top. C569i
Existencias
Fecha de último préstamo Total préstamos Total Renewals Signatura topográfica Código de barras Última vez visto Ejemplar Costo de reposición Price effective from Tipo de ítem Perdido Sistema de clasificación Dañado No prestable Tipo de ítem específico Suprimido Ubicación habitual Ubicación actual Localización Fecha de creación Forma de adquisición Costo Proveedor
19/01/2018 1 3 509 C569i 100091395 05/12/2025 Ej.2 0.00 03/02/2013 Libro   DEWEY     Libro   Claustro Claustro 2do piso 28/02/2013 Donación 26000.00  
      509 C569i 100147678 05/12/2025 Ej.1 26000.00 16/10/2015 Libro   DEWEY     Libro   Claustro Claustro 2do piso 16/10/2015 Donación 0.00 12